000 00794nam a22002535i 4500
001 15854
003 ES-MaACL
005 20230906151154.0
007 t|
008 930604s1993 sp ||||0| spa j
020 _a84-87862-02-0
040 _aM-BN
_bspa
_cM-BN
080 _a930.9(059.3)
100 1 _aCrompton, Tom.
_941687
245 1 0 _aCronología interdisciplinar
_b: historia, literatura, arte, ideas políticas y económicas, ciencia y técnica /
_cTom Crompton.
260 _aMadrid :
_bGlobo,
_cD.L. 1993.
300 _a337 p. ;
_c21 cm.
490 1 _aLlave del conocimiento ;
_v2
500 _aIndice.
650 1 4 _aCronología histórica.
_911458
830 0 _aLlave del conocimiento ;
_v2
_9228611
852 _aES-MaACL
_jA-10181
_bR.121574
999 _c15854
_d15854